000 00830nas a2200289 4500
001 BR0100589
003 BR-BrBNA
005 20231205102045.0
007 ta
008 230509b bl.|||p| |||| 00| 00por d
040 _aBR-BrBNA
_bpor
_cBiblioteca Nacional de Agricultura
041 _a(Pt)
072 _aL74
100 1 _aFerreira, A.L.
100 1 _aCrisci, A.R.
100 1 _aFiorani, S.A.S.
100 1 _aLaus, J.L.
100 1 _aJorge, A.T.
245 1 _aLesoes isquemicas do testiculo de caes mediante garroteamento temporario do cordao espermatico
650 _aCao
650 _aLesao
650 _aTesticulo
650 _aEsperma
773 0 _tCiencia Rural (Brazil)
_xISSN 0103-8478
_g(Sep-Oct 2000), v. 30(5) p. 841-845
_wBR0100589
909 _a202311
_bLúcia
_c55
_dLúcia Elande
942 _2AGRIS
_n0
_cANA
999 _c165502
_d165502